|
|
|
|
| LEADER |
00000ny a22000003n 4500 |
| 005 |
20110520115843.0 |
| 008 |
061002s2006 sp 000 0 spa d |
| 020 |
|
|
|a 8476987587
|
| 035 |
|
|
|a 1361
|
| 040 |
|
|
|a UMA.RE
|d vLex
|
| 080 |
|
|
|a 343.353.2 460
|
| 080 |
|
|
|a 346.36(430)
|
| 080 |
|
|
|a 346.36(450)
|
| 080 |
|
|
|a 346.36(460)
|
| 090 |
|
|
|c 92
|d 92
|
| 100 |
1 |
|
|a Güidi Clas, Elisa Mara̕
|
| 245 |
1 |
3 |
|a La prevaricacin̤ judicial en Espaą y en el derecho comparado
|h [Recurso electrn̤ico]
|c Elisa Maria Güidi Clas
|
| 256 |
|
|
|a Servicio en ln̕ea
|
| 260 |
|
|
|a Barcelona :
|b Bosch Editor,
|c 2006
|
| 300 |
|
|
|a 441 p. ;
|c 24 cm
|
| 504 |
|
|
|a Bibliogr.
|
| 506 |
1 |
|
|a Contenido solo disponible en los productos indicados
|d vLex Global
|d vLex Global (Academic Edition, excluding Law Schools)
|d vLex Global (U.S. Academic Edition, Law Schools)
|d vLex Global (U.S. Academic Edition, excluding Law Schools)
|d vLex Global (Academic Edition, Law Schools)
|
| 650 |
0 |
7 |
|a Delito
|2 Tesauro vLex
|
| 650 |
0 |
7 |
|a Penal
|2 Tesauro vLex
|
| 650 |
0 |
7 |
|a Prevaricacin̤ judicial
|2 Tesauro vLex
|
| 740 |
0 |
|
|a vLex Libros (Servicios en ln̕ea)
|
| 856 |
4 |
0 |
|u http://vlex.com/source/1361
|z Acceso restringido
|
| 942 |
|
|
|c BOOK
|
| 999 |
0 |
|
|a Crime
|b Spain
|